[Event "FRA-chT3 Gr12 0304"]
[Site "Loire"]
[Date "2003.11.15"]
[Round "2.2"]
[White "Praud, Jean Luc"]
[Black "Cursoux, Gerard"]
[Result "1-0"]
[WhiteElo "2160"]
[BlackElo "2130"]
[PlyCount "67"]
[EventDate "2003.10.12"]
[EventType "team"]
[EventRounds "9"]
[EventCountry "FRA"]
[SourceTitle "EXT 2008"]
[Source "ChessBase"]
[SourceDate "2007.11.25"]
[SourceVersion "1"]
[SourceVersionDate "2007.11.25"]
[SourceQuality "1"]

1. d4 f5 2. Bg5 g6 3. e3 Bg7 4. g4 fxg4 5. Qxg4 Nf6 6. Qg2 d5 7. Bd3 0-0 8. Nc3 c6 9. Nf3 Be6 10. h4 Nbd7 11. 0-0-0 b5 12. Rdg1 b4 13. Ne2 Nh5 14. Nf4 Nxf4 15. exf4 Bf5 16. Bxf5 Rxf5 17. h5 Nf8 18. hxg6 hxg6 19. Ne5 Qd6 20. Bh6 Qf6 21. Qh3 Rh5 22. Qxh5 gxh5 23. Rxg7+ Qxg7 24. Bxg7 Kxg7 25. Nxc6 Ne6 26. Rxh5 Nxf4 27. Rf5 Rc8 28. Nxe7 Ne2+ 29. Kd2 Nxd4 30. Nxc8 Nxf5 31. Nxa7 Ne7 32. Kd3 Kf6 33. Kd4 Ke6 34. Kc5 1-0

[Event "Lyon Rhone op"]
[Site "Lyon"]
[Date "2003.04.28"]
[Round "3"]
[White "Praud, Jean Luc"]
[Black "Crapis, Frederic"]
[Result "1-0"]
[WhiteElo "2158"]
[BlackElo "2026"]
[PlyCount "101"]
[EventDate "2003.04.26"]
[EventType "swiss"]
[EventRounds "9"]
[EventCountry "FRA"]
[SourceTitle "EXT 2004"]
[Source "ChessBase"]
[SourceDate "2003.11.25"]
[SourceVersion "1"]
[SourceVersionDate "2003.11.25"]
[SourceQuality "1"]

1. d4 c5 2. d5 e6 3. e4 exd5 4. exd5 d6 5. Nf3 Nf6 6. Be2 Be7 7. 0-0 0-0 8. Nc3 a6 9. a4 b6 10. Nd2 Bf5 11. Nc4 Ra7 12. Ne3 Bd7 13. Bd3 Rb7 14. Qe2 Qc7 15. Bxa6 Nxa6 16. Qxa6 Ra7 17. Qe2 Rfa8 18. b3 Bf8 19. Bb2 Re8 20. Nb5 Bxb5 21. Qxb5 Nd7 22. Rfe1 Ra5 23. Qc6 Rc8 24. Qxc7 Rxc7 25. Nc4 Ra8 26. g3 h6 27. Re4 Kh7 28. Rae1 Rcc8 29. h4 Rcb8 30. h5 b5 31. axb5 Rxb5 32. Re8 Rbb8 33. Rxb8 Rxb8 34. Ra1 Nb6 35. Nxb6 Rxb6 36. Ra4 Rb5 37. Bc3 Rb8 38. Kg2 Re8 39. Kf3 Kg8 40. Re4 Ra8 41. Ke2 Ra7 42. Kd3 Be7 43. Ra4 Rb7 44. Ra8+ Kh7 45. Kc4 Bf6 46. Bxf6 gxf6 47. Ra6 Rb4+ 48. Kc3 Re4 49. Rxd6 Kg7 50. Rc6 Re2 51. d6 1-0

[Event "FRA-ch op-A"]
[Site "Val d'Isere"]
[Date "2002.08.??"]
[Round "3.2"]
[White "Praud, Jean Luc"]
[Black "Chabradze, Boris"]
[Result "1-0"]
[WhiteElo "2189"]
[BlackElo "2100"]
[PlyCount "105"]
[EventDate "2002.08.20"]
[EventType "swiss"]
[EventRounds "11"]
[EventCountry "FRA"]
[SourceTitle "EXT 2003"]
[Source "ChessBase"]
[SourceDate "2002.11.25"]
[SourceVersion "1"]
[SourceVersionDate "2002.11.25"]
[SourceQuality "1"]

1. Nf3 Nf6 2. g3 d5 3. Bg2 Nc6 4. d4 Bf5 5. 0-0 Qd7 6. Bf4 Nh5 7. e3 Nxf4 8. exf4 Bh3 9. c3 Bxg2 10. Kxg2 e6 11. Re1 Be7 12. Qd3 0-0 13. Nbd2 b5 14. b4 a5 15. a3 Rfb8 16. Nb3 axb4 17. axb4 Ra4 18. h4 f5 19. Qe2 Nd8 20. Ng5 Rba8 21. Rxa4 bxa4 22. Na5 Bxg5 23. hxg5 Ra7 24. Ra1 Nf7 25. Qd1 Nd6 26. Qxa4 Qxa4 27. Rxa4 Nb5 28. Ra1 Nxc3 29. Re1 Ra6 30. Rc1 Na2 31. Rxc7 Nxb4 32. Nb7 Rc6 33. Rd7 Kf8 34. Nd6 Rb6 35. Nf7 Nc6 36. Rc7 Nxd4 37. Ne5 Ra6 38. Nd7+ Kg8 39. Rc8+ Kf7 40. Ne5+ Ke7 41. Rg8 Nc6 42. Rxg7+ Kf8 43. Rxh7 Nxe5 44. fxe5 Ra4 45. f4 Ra2+ 46. Kh3 Ra1 47. Rd7 Rd1 48. Rd8+ Kf7 49. Rd6 d4 50. g6+ Kxg6 51. Rxe6+ Kg7 52. Rd6 d3 53. Kh4 1-0

[Event "FRA Cup qt final1"]
[Site "France"]
[Date "2001.06.03"]
[Round "?"]
[White "Praud, Jean Luc"]
[Black "Hoffmann, Regis"]
[Result "1-0"]
[WhiteElo "2220"]
[BlackElo "2177"]
[PlyCount "125"]
[EventDate "2001.06.03"]
[EventType "team"]
[EventRounds "1"]
[EventCountry "FRA"]
[SourceTitle "EXT 2005"]
[Source "ChessBase"]
[SourceDate "2004.11.15"]
[SourceVersion "1"]
[SourceVersionDate "2004.11.15"]
[SourceQuality "1"]
[WhiteTeam "Lyon"]
[BlackTeam "Bischwiller"]
[WhiteTeamCountry "FRA"]
[BlackTeamCountry "FRA"]

1. d4 d6 2. g3 g6 3. Bg2 Bg7 4. Nf3 Nf6 5. 0-0 0-0 6. Re1 Nbd7 7. e4 e5 8. c3 c6 9. a4 Re8 10. Nbd2 Qc7 11. a5 b5 12. axb6 Nxb6 13. dxe5 dxe5 14. Bf1 h6 15. Nc4 Bg4 16. h3 Rad8 17. Qe2 Bc8 18. Be3 c5 19. Nfd2 Be6 20. Bg2 Rd7 21. Ra3 Red8 22. Rea1 Nxc4 23. Nxc4 Rd3 24. Rxa7 Qb8 25. Ra8 Rd1+ 26. Rxd1 Rxd1+ 27. Qxd1 Qxa8 28. Nd2 Nd7 29. b4 cxb4 30. cxb4 Qa3 31. Qb1 Bf8 32. b5 Bc5 33. Bxc5 Qxc5 34. Qb2 f6 35. Nb1 Nb6 36. Nc3 Kf7 37. Nd5 Nxd5 38. exd5 Bxd5 39. Bxd5+ Qxd5 40. b6 Qb7 41. Qb5 Ke7 42. Qc5+ Kd7 43. h4 g5 44. h5 Qc6 45. Qb4 Qb7 46. Qb3 Kd6 47. Qa3+ Kd7 48. Qd3+ Ke6 49. Qd8 Qd7 50. Qa8 Qd1+ 51. Kg2 g4 52. Qc6+ Qd6 53. Qc4+ Kd7 54. b7 Qb8 55. Qf7+ Kc6 56. Qxf6+ Kxb7 57. Qxh6 Qa8 58. Qf6 Kc7+ 59. Kh2 Qe4 60. Qf7+ Kd6 61. h6 Kc5 62. h7 Qa8 63. Qf6 1-0

[Event "Paris op"]
[Site "Paris"]
[Date "1998.??.??"]
[Round "7"]
[White "Caposciutti, Maurizio"]
[Black "Praud, Jean Luc"]
[Result "1/2-1/2"]
[WhiteElo "2360"]
[BlackElo "2190"]
[PlyCount "47"]
[EventDate "1998.07.??"]
[EventType "swiss"]
[EventRounds "9"]
[EventCountry "FRA"]
[SourceTitle "EXT 2000"]
[Source "ChessBase"]
[SourceDate "1999.11.16"]
[SourceVersion "1"]
[SourceVersionDate "1999.11.16"]
[SourceQuality "1"]

1. Nf3 Nf6 2. c4 g6 3. b3 Bg7 4. Bb2 c6 5. g3 0-0 6. Bg2 d6 7. d4 Bf5 8. Nbd2 a5 9. Nh4 Bd7 10. 0-0 Ra7 11. Rc1 b5 12. e4 bxc4 13. bxc4 Bc8 14. Qc2 Nfd7 15. Nhf3 e5 16. dxe5 dxe5 17. c5 Na6 18. Nc4 Nb4 19. Qb1 Ba6 20. Rfd1 Bxc4 21. Rxc4 Qe7 22. Ba3 Rb8 23. Bxb4 axb4 24. Rxb4 1/2-1/2

[Event "Paris-ch op"]
[Site "Paris"]
[Date "1992.??.??"]
[Round "1"]
[White "Dussol, Pierre"]
[Black "Praud, Jean Luc"]
[Result "1-0"]
[WhiteElo "2340"]
[BlackElo "2230"]
[PlyCount "73"]
[EventDate "1992.04.??"]
[EventType "swiss"]
[EventRounds "9"]
[EventCountry "FRA"]
[SourceTitle "EXT 1997"]
[Source "ChessBase"]
[SourceDate "1996.11.15"]
[SourceVersion "1"]
[SourceVersionDate "1996.11.15"]
[SourceQuality "1"]

1. d4 e6 2. Nf3 b6 3. e4 Bb7 4. Bd3 c5 5. c3 Nf6 6. Qe2 Be7 7. Nbd2 cxd4 8. cxd4 Qc8 9. 0-0 Ba6 10. Nc4 b5 11. Ne3 Bb7 12. e5 Nd5 13. Nxd5 Bxd5 14. Bxb5 Nc6 15. Be3 Rb8 16. b3 Ba3 17. Rad1 Nb4 18. Bc4 Qc6 19. Bc1 Bxc1 20. Rxc1 Rc8 21. a3 Bxf3 22. gxf3 Nd5 23. Bxd5 Qxc1 24. Rxc1 Rxc1+ 25. Kg2 exd5 26. Qb5 0-0 27. Qxd7 h5 28. Qxd5 h4 29. Qb7 h3+ 30. Kxh3 Rg1 31. d5 Kh7 32. Qd7 Rh8 33. Qxf7 Kh6 34. f4 g6 35. e6 Kh5 36. Qf6 Rh7 37. Qh4# 1-0

[Event "Paris-ch op"]
[Site "Paris"]
[Date "1992.??.??"]
[Round "3"]
[White "Spraggett, Kevin"]
[Black "Praud, Jean Luc"]
[Result "1-0"]
[WhiteElo "2545"]
[BlackElo "2230"]
[PlyCount "51"]
[EventDate "1992.04.??"]
[EventType "swiss"]
[EventRounds "9"]
[EventCountry "FRA"]
[SourceTitle "EXT 1997"]
[Source "ChessBase"]
[SourceDate "1996.11.15"]
[SourceVersion "1"]
[SourceVersionDate "1996.11.15"]
[SourceQuality "1"]

1. d4 e6 2. c4 b6 3. a3 Bb7 4. Nc3 g6 5. e4 Bg7 6. Nf3 Ne7 7. d5 0-0 8. Bd3 Na6 9. Bd2 Nc5 10. Bc2 f5 11. exf5 exd5 12. Bg5 dxc4 13. fxg6 h6 14. Be3 Bxf3 15. gxf3 Ne6 16. Qe2 c5 17. Qxc4 d5 18. Qg4 Qd6 19. 0-0-0 Rac8 20. Rhe1 d4 21. Kb1 Nf4 22. Nb5 Qc6 23. Nxa7 Qc7 24. Nb5 Qc6 25. Bxf4 Qxb5 26. Rxe7 1-0

[Event "Paris-ch op"]
[Site "Paris"]
[Date "1990.??.??"]
[Round "?"]
[White "Aurel, J."]
[Black "Praud, Jean Luc"]
[Result "0-1"]
[WhiteElo "2270"]
[BlackElo "2265"]
[PlyCount "36"]
[EventDate "1990.05.??"]
[EventType "swiss"]
[EventRounds "9"]
[EventCountry "FRA"]
[SourceTitle "EXT 1997"]
[Source "ChessBase"]
[SourceDate "1996.11.15"]
[SourceVersion "1"]
[SourceVersionDate "1996.11.15"]
[SourceQuality "1"]

1. c4 Nf6 2. g3 g6 3. Bg2 Bg7 4. Nc3 0-0 5. e3 c6 6. d4 d5 7. cxd5 cxd5 8. Qb3 e6 9. Nge2 Nc6 10. 0-0 Bd7 11. Qxb7 Rb8 12. Qa6 Nb4 13. Qxa7 Ra8 14. Qc5 Nd3 15. Nxd5 Nxc5 16. Nxf6+ Bxf6 17. Bxa8 Qxa8 18. dxc5 Qf3 0-1

[Event "Val Thorens op"]
[Site "Val Thorens"]
[Date "1990.??.??"]
[Round "4"]
[White "Lupu, Mircea Sergiu"]
[Black "Praud, Jean Luc"]
[Result "1-0"]
[WhiteElo "2440"]
[BlackElo "2265"]
[PlyCount "49"]
[EventDate "1990.??.??"]
[EventType "swiss"]
[EventRounds "9"]
[EventCountry "FRA"]
[SourceTitle "EXT 1999"]
[Source "ChessBase"]
[SourceDate "1998.11.16"]
[SourceVersion "1"]
[SourceVersionDate "1998.11.16"]
[SourceQuality "1"]

1. e4 e6 2. d4 d5 3. e5 c5 4. c3 Nc6 5. Nf3 Qb6 6. a3 c4 7. Be2 Bd7 8. 0-0 Nge7 9. Nbd2 Na5 10. Rb1 h6 11. b4 cxb3 12. c4 Ba4 13. Bb2 0-0-0 14. c5 Qc7 15. Bc3 Nec6 16. Ne1 f6 17. exf6 gxf6 18. Nd3 Kb8 19. Nb2 Bxc5 20. dxc5 d4 21. Bxa5 Qxa5 22. Ndc4 Qb5 23. Nb6 Qxc5 24. N6xa4 Qxa3 25. Bb5 1-0

[Event "Paris-ch op"]
[Site "Paris"]
[Date "1990.??.??"]
[Round "?"]
[White "Praud, Jean Luc"]
[Black "Nemety, Laszlo"]
[Result "0-1"]
[WhiteElo "2265"]
[BlackElo "2225"]
[PlyCount "70"]
[EventDate "1990.05.??"]
[EventType "swiss"]
[EventRounds "9"]
[EventCountry "FRA"]
[SourceTitle "EXT 1997"]
[Source "ChessBase"]
[SourceDate "1996.11.15"]
[SourceVersion "1"]
[SourceVersionDate "1996.11.15"]
[SourceQuality "1"]

1. e4 d5 2. exd5 Nf6 3. c4 c6 4. Nc3 cxd5 5. cxd5 Nxd5 6. Nf3 Nxc3 7. bxc3 Nd7 8. d4 g6 9. h4 Bg7 10. h5 Qa5 11. Bd2 gxh5 12. Bd3 Nf6 13. Ne5 Qd5 14. Kf1 Be6 15. Rb1 Qxa2 16. Rxb7 Ng4 17. Nc6 Bf6 18. Rxh5 Rg8 19. Nb4 Qb2 20. Be4 Bc4+ 21. Kg1 Bxd4 22. cxd4 Nxf2 23. Qe1 Nxe4 24. Qxe4 Be6 25. Qc6+ Kf8 26. Bh6+ Rg7 27. Rg5 Qxd4+ 28. Kh2 Qh4+ 29. Kg1 Qxh6 30. Rxg7 Kxg7 31. Rc7 Qe3+ 32. Kh2 Qf4+ 33. Kg1 Rd8 34. Qc3+ Kg8 35. Nd3 Rxd3 0-1

[Event "Lyon op"]
[Site "Lyon"]
[Date "1990.??.??"]
[Round "?"]
[White "Prie, Eric"]
[Black "Praud, Jean Luc"]
[Result "1-0"]
[WhiteElo "2440"]
[BlackElo "2265"]
[PlyCount "118"]
[EventDate "1990.12.??"]
[EventType "swiss"]
[EventRounds "11"]
[EventCountry "FRA"]
[SourceTitle "EXT 1997"]
[Source "ChessBase"]
[SourceDate "1996.11.15"]
[SourceVersion "1"]
[SourceVersionDate "1996.11.15"]
[SourceQuality "1"]

1. e4 e6 2. d4 d5 3. e5 c5 4. c3 Nc6 5. Nf3 Bd7 6. a3 Qb6 7. Be2 a5 8. 0-0 a4 9. Ra2 cxd4 10. cxd4 Na5 11. Nc3 Nb3 12. Be3 Be7 13. Bd3 Bd8 14. Bc2 Ra5 15. Nd2 Nxd2 16. Bxd2 Qxd4 17. Ne2 Qxe5 18. Bxa5 Bxa5 19. Bxa4 b5 20. Bc2 Nf6 21. Qd4 0-0 22. Qf4 Qxf4 23. Nxf4 e5 24. Nd3 e4 25. Nc5 Be6 26. b4 Bb6 27. Bb3 Bxc5 28. bxc5 Rc8 29. Rc1 Nd7 30. Rd2 Nb6 31. cxb6 Rxc1+ 32. Rd1 Rxd1+ 33. Bxd1 Bc8 34. Kf1 Kf8 35. Ke2 Ke7 36. Ke3 Kd6 37. Kd4 Be6 38. Be2 Kc6 39. Bxb5+ Kxb6 40. Ba4 f6 41. Bb3 Kc6 42. a4 Bf7 43. h4 f5 44. g3 g6 45. Bd1 Be8 46. a5 Kb5 47. Kxd5 Kxa5 48. Ke5 Kb4 49. h5 Kc3 50. h6 Kd2 51. Bb3 Ke2 52. Kf6 g5 53. Bg8 Bg6 54. Bxh7 Bxh7 55. Kg7 Kxf2 56. Kxh7 e3 57. Kg6 e2 58. h7 e1Q 59. h8Q Kxg3 1-0